00935 2200277 4500001002100000005001700021008004100038020002200079035002400101040001200125082001800137090002000155245013700175250001200312260004500324300003500369440004400404504002500448650006400473650004300537700001700580850001200597990001600609990001600625990001600641YOGYA-1112000000050420121129083445.0 ind  a978-602-897-504-3 0010-111200000000504 aYOPDYOG 2[22]a899.222 aCoE 899.222 BUN aBUNGA rampai tahun emas Fakultas Sastra, membangun peradaban baru sastra dulu, kini dan esok /cpenyunting, Fadly Rahman... [et.al]. aCet. 1. aJatinangor :bSastra Unpad Press,c2010. av, 192 hlm. :bilus. ;c21 cm. a(Seri hibah penerbitan fakultas sastra) aTermasuk Bibliografi aFakultas sastra Universitas Padjadjaran -xHari ulang tahun aKesusastraan Indonesia -vBunga rampai aFadly Rahman aYOPDYOG a647-PD/A.12 a646-PD/A.12 a645-PD/A.12